MARC

LEADER 00000nam0a2200000 4500
001 81414
005 20231031095136.0
035 |a (RuTPU)RU\TPU\book\87514 
035 |a RU\TPU\book\65552 
090 |a 81414 
100 |a 20050920d1961 k y0rusy50 ca 
101 1 |a rus  |c eng 
102 |a RU 
105 |a a z 001zy 
200 1 |a Вакансии и другие точечные дефекты в металлах и сплавах  |f под ред. Э. И. Розенберга 
210 |a Москва  |d 1961  |c Металлургиздат 
215 |a 304 с.  |c ил. 
320 |a 301-302 
610 1 |a металлообработка 
610 1 |a металлы 
610 1 |a сплавы 
610 1 |a точечные дефекты 
610 1 |a низкие температуры 
610 1 |a физические свойства 
610 1 |a вакансии 
610 1 |a ионные кристаллы 
610 1 |a высокие температуры 
675 |a 621.7М.01:53 
675 |a 621.7М.018 
702 1 |a Розенберг  |b Э. И.  |4 340 
801 1 |a RU  |b 63413507  |c 20040324  |g PSBO 
801 2 |a RU  |b 63413507  |c 20210620  |g PSBO 
942 |c BK 
959 |a 17/20040224  |d 1  |e 400  |f ЧЗТЛ:1